000 00650nam a22001937a 4500
001 00001306
003 DO-SdBNP
005 20160504134052.0
007 00001306
008 160504b 2001 dr xxu||||| |||| 00| 0 spa d
040 _aBPMSU
_bspa
_cBPMSU
092 _axxxxx
_bxxxxx
245 _aPreparación y ejecución de talleres de capacitación :
_buna guía práctica /
_cMiguel Expósito Verdejo ; ilustración: Emilio J. Hidalgo.
260 _aSanto Domingo :
_bCentro Cultural Poveda,
_c2001.
300 _a104 p. :
_bil. ;
_c28 cm.
700 1 _aExpósito Verdejo, Miguel
942 _2ddc
_cBK
956 _2LOPEREZ
_310
_620160504
_8BPMSU
_a00041
999 _c9990
_d9990